[Event "HUN-chT2 Toth 0910"]
[Site "Hungary"]
[Date "2009.11.08"]
[Round "1.2"]
[White "Vicsai, Gabor"]
[Black "Lovass, Imre"]
[Result "0-1"]
[WhiteElo "2233"]
[BlackElo "2255"]
[PlyCount "106"]
[EventDate "2009.11.08"]
[EventType "team-tourn"]
[EventRounds "11"]
[EventCountry "HUN"]
[SourceTitle "EXT 2011"]
[Source "ChessBase"]
[SourceDate "2010.11.26"]
[SourceVersion "1"]
[SourceVersionDate "2010.11.26"]
[SourceQuality "1"]
[WhiteTeam "Mako II"]
[BlackTeam "Takisz"]
[WhiteTeamCountry "HUN"]
[BlackTeamCountry "HUN"]

1. d4 Nf6 2. c4 e6 3. Nc3 Bb4 4. f3 d5 5. a3 Bxc3+ 6. bxc3 c5 7. cxd5 Nxd5 8. dxc5 f5 9. Qd4 0-0 10. c4 Nc6 11. Qd3 Qf6 12. Rb1 Nc7 13. Bb2 e5 14. f4 Qe7 15. Qd6 exf4 16. Qxe7 Nxe7 17. Be5 Ne6 18. Bd6 Re8 19. Nf3 g5 20. Ne5 Nc6 21. Nxc6 bxc6 22. Kd2 Ba6 23. Kc3 Ng7 24. Rd1 Re4 25. Rd4 Rae8 26. Rxe4 Rxe4 27. g3 Rxc4+ 28. Kb3 Re4 29. gxf4 Bc4+ 30. Kc3 Bd5 31. Rg1 g4 32. h3 h5 33. hxg4 hxg4 34. Bg2 Rc4+ 35. Kd3 Ne6 36. Bxd5 cxd5 37. Rb1 Kf7 38. Rb7+ Kg6 39. Rb8 Nxc5+ 40. Ke3 Ne6 41. Rb5 Re4+ 42. Kf2 Rxe2+ 43. Kxe2 Nd4+ 44. Kd3 Nxb5 45. Bc5 a6 46. a4 Nc7 47. Bf2 Ne6 48. Bg3 Nc5+ 49. Kc2 Nxa4 50. Bf2 g3 51. Bxg3 Nc5 52. Be1 Kh5 53. Kc3 Ne6 0-1

[Event "HUN-ch Seniors"]
[Site "Ajka"]
[Date "2009.06.26"]
[Round "6"]
[White "Lovass, Imre"]
[Black "Bubenko, Jozsef"]
[Result "1/2-1/2"]
[WhiteElo "2319"]
[BlackElo "2098"]
[PlyCount "25"]
[EventDate "2009.06.22"]
[EventType "swiss"]
[EventRounds "9"]
[EventCountry "HUN"]
[SourceTitle "EXT 2011"]
[Source "ChessBase"]
[SourceDate "2010.11.26"]
[SourceVersion "1"]
[SourceVersionDate "2010.11.26"]
[SourceQuality "1"]

1. Nf3 d5 2. d4 Nf6 3. c4 e6 4. Nc3 c5 5. e3 Nc6 6. a3 cxd4 7. exd4 dxc4 8. Bxc4 Be7 9. 0-0 0-0 10. Bg5 h6 11. Bf4 a6 12. d5 exd5 13. Bxd5 1/2-1/2

[Event "HUN-chT2 Toth 0809"]
[Site "Hungary"]
[Date "2009.04.24"]
[Round "10.2"]
[White "Lovass, Imre"]
[Black "Konya, Laszlo"]
[Result "1/2-1/2"]
[WhiteElo "2319"]
[BlackElo "2138"]
[PlyCount "68"]
[EventDate "2008.10.26"]
[EventType "team-tourn"]
[EventRounds "11"]
[EventCountry "HUN"]
[SourceTitle "EXT 2010"]
[Source "ChessBase"]
[SourceDate "2010.11.25"]
[SourceVersion "1"]
[SourceVersionDate "2010.11.25"]
[SourceQuality "1"]
[WhiteTeam "Takisz"]
[BlackTeam "Karcag"]
[WhiteTeamCountry "HUN"]
[BlackTeamCountry "HUN"]

1. d4 d5 2. c4 c6 3. Nc3 e6 4. Nf3 f5 5. Bf4 Nf6 6. e3 Bd6 7. Bxd6 Qxd6 8. c5 Qe7 9. Ne5 Nbd7 10. f4 0-0 11. Be2 Nxe5 12. fxe5 Ne4 13. 0-0 Nxc3 14. bxc3 Bd7 15. Qb3 Be8 16. Rab1 Rf7 17. Qc2 g6 18. Rb4 Rc8 19. Qa4 a6 20. Qc2 Qg5 21. Rf4 Rg7 22. Qd2 Rcc7 23. Rb1 h5 24. Qe1 Rcf7 25. h4 Qd8 26. Rb6 Rh7 27. Qg3 Rfg7 28. Qg5 Qe7 29. Kh2 Qxg5 30. hxg5 Rc7 31. Rf1 Bd7 32. Kg3 Bc8 33. Kf4 Rhe7 34. Rh1 Kg7 1/2-1/2

[Event "HUN-chT2 Toth 0809"]
[Site "Hungary"]
[Date "2009.01.11"]
[Round "5.3"]
[White "Jozaf, Csaba"]
[Black "Lovass, Imre"]
[Result "0-1"]
[WhiteElo "1945"]
[BlackElo "2319"]
[PlyCount "76"]
[EventDate "2008.10.26"]
[EventType "team-tourn"]
[EventRounds "11"]
[EventCountry "HUN"]
[SourceTitle "EXT 2010"]
[Source "ChessBase"]
[SourceDate "2010.11.25"]
[SourceVersion "1"]
[SourceVersionDate "2010.11.25"]
[SourceQuality "1"]
[WhiteTeam "Mezobereny"]
[BlackTeam "Takisz"]
[WhiteTeamCountry "HUN"]
[BlackTeamCountry "HUN"]

1. Nf3 c5 2. c4 g6 3. Nc3 Bg7 4. d4 cxd4 5. Nxd4 Nc6 6. e3 Nf6 7. Be2 0-0 8. 0-0 d6 9. a3 a6 10. Qc2 Bd7 11. Nxc6 bxc6 12. e4 Qc7 13. Be3 Ng4 14. Bxg4 Bxg4 15. Rfc1 Qb7 16. Rab1 Be6 17. Na4 f5 18. Nb6 f4 19. Nxa8 fxe3 20. fxe3 Qxa8 21. c5 d5 22. b4 Be5 23. Rf1 Rf6 24. Rbd1 Qb8 25. h3 Qf8 26. Rxf6 Qxf6 27. exd5 Bxd5 28. e4 Be6 29. Qd3 Qg5 30. Rf1 Kg7 31. Qf3 Bf6 32. e5 Qxe5 33. Qxc6 Bd5 34. Qc8 Qe3+ 35. Kh1 Qe2 36. Rg1 Bd4 37. Qd7 Bxg1 38. Qxd5 Qe1 0-1

[Event "HUN-chT2 Toth 0809"]
[Site "Hungary"]
[Date "2008.11.02"]
[Round "2.3"]
[White "Lovass, Imre"]
[Black "Borus, Andras"]
[Result "1-0"]
[WhiteElo "2319"]
[BlackElo "2110"]
[PlyCount "87"]
[EventDate "2008.10.26"]
[EventType "team-tourn"]
[EventRounds "11"]
[EventCountry "HUN"]
[SourceTitle "EXT 2010"]
[Source "ChessBase"]
[SourceDate "2010.11.25"]
[SourceVersion "1"]
[SourceVersionDate "2010.11.25"]
[SourceQuality "1"]
[WhiteTeam "Takisz"]
[BlackTeam "Maroczy II"]
[WhiteTeamCountry "HUN"]
[BlackTeamCountry "HUN"]

1. d4 Nf6 2. c4 g6 3. Nc3 d6 4. e4 Bg7 5. Be2 0-0 6. Bg5 h6 7. Be3 e5 8. d5 a5 9. c5 Na6 10. cxd6 cxd6 11. f3 b6 12. Qd2 Nc5 13. g4 Kh7 14. h4 Ng8 15. h5 g5 16. Bb5 Bf6 17. Nge2 Ba6 18. Ng3 Ne7 19. 0-0 Bxb5 20. Nxb5 Qd7 21. Qe2 a4 22. Na3 Rfc8 23. Rfb1 Rcb8 24. Rc1 Rc8 25. Rc3 Rcb8 26. Rac1 Rb7 27. Nc4 Nc8 28. Nf5 Bd8 29. b4 axb3 30. axb3 Bc7 31. b4 Na4 32. R3c2 b5 33. Na5 Bxa5 34. bxa5 Ne7 35. Bb6 Nxb6 36. axb6 Nxf5 37. exf5 Rxb6 38. Rc7 Qe8 39. R1c6 Rxc6 40. dxc6 Ra1+ 41. Kf2 Qa8 42. Rxf7+ Kg8 43. Rb7 Rc1 44. Qd2 1-0

[Event "HUN-chT2 Toth 0708"]
[Site "Hungary"]
[Date "2008.05.18"]
[Round "11"]
[White "Erdos, Peter"]
[Black "Lovass, Imre"]
[Result "0-1"]
[WhiteElo "2066"]
[BlackElo "2307"]
[PlyCount "66"]
[EventDate "2007.10.14"]
[EventType "team"]
[EventRounds "11"]
[EventCountry "HUN"]
[SourceTitle "EXT 2009"]
[Source "ChessBase"]
[SourceDate "2008.11.26"]
[SourceVersion "1"]
[SourceVersionDate "2008.11.26"]
[SourceQuality "1"]
[WhiteTeam "Mako II"]
[BlackTeam "Takisz"]
[WhiteTeamCountry "HUN"]
[BlackTeamCountry "HUN"]

1. e4 e6 2. d4 d5 3. exd5 exd5 4. Nc3 Bb4 5. Qf3 Qe7+ 6. Qe3 Bf5 7. Qxe7+ Nxe7 8. Bf4 Bxc2 9. Bxc7 Nbc6 10. Bb5 0-0 11. Nge2 Rac8 12. Bf4 a6 13. Rc1 Be4 14. Bxc6 Rxc6 15. f3 Bd3 16. Kf2 Re8 17. Rhd1 Bc4 18. g4 Ng6 19. Bg3 Rce6 20. Rc2 a5 21. f4 Rc6 22. Nc1 f5 23. gxf5 Ne7 24. Re1 Kf7 25. Re6 Nxf5 26. Rxc6 bxc6 27. N1e2 h5 28. h4 Re3 29. Bh2 Rh3 30. Kg2 Rd3 31. Bg1 Nxh4+ 32. Kf2 Rf3+ 33. Ke1 Ng2+ 0-1

[Event "HUN-chT2 Toth 0809"]
[Site "Hungary"]
[Date "2008.03.08"]
[Round "9.2"]
[White "Arbutina, Sinisa"]
[Black "Lovass, Imre"]
[Result "1/2-1/2"]
[WhiteElo "2259"]
[BlackElo "2319"]
[PlyCount "106"]
[EventDate "2008.10.26"]
[EventType "team-tourn"]
[EventRounds "11"]
[EventCountry "HUN"]
[SourceTitle "EXT 2010"]
[Source "ChessBase"]
[SourceDate "2010.11.25"]
[SourceVersion "1"]
[SourceVersionDate "2010.11.25"]
[SourceQuality "1"]
[WhiteTeam "Roszke"]
[BlackTeam "Takisz"]
[WhiteTeamCountry "HUN"]
[BlackTeamCountry "HUN"]

1. d4 Nf6 2. c4 e6 3. Nf3 Bb4+ 4. Bd2 Qe7 5. Nc3 0-0 6. Qc2 d6 7. a3 Bxc3 8. Bxc3 Nbd7 9. e4 e5 10. d5 a5 11. 0-0-0 a4 12. Ne1 Nc5 13. f3 Nh5 14. g4 Nf4 15. Ng2 Nxg2 16. Qxg2 Bd7 17. Bb4 b6 18. h4 f6 19. Kb1 g6 20. Be2 h6 21. Rdg1 Kg7 22. Qf2 g5 23. Qe3 Be8 24. Rh2 Bg6 25. Rgh1 Rh8 26. Bd1 Qd7 27. Bc2 Raf8 28. Rh3 Rh7 29. R1h2 Rfh8 30. Qe1 Ra8 31. Qf1 Rah8 32. Bd2 Be8 33. Be3 Kg8 34. Qd1 Kg7 35. Qh1 Kg8 36. Ka2 Qe7 37. Qc1 Bd7 38. Qd1 Qe8 39. Bxc5 bxc5 40. hxg5 hxg5 41. Rxh7 Rxh7 42. Rxh7 Kxh7 43. b3 axb3+ 44. Bxb3 Qa8 45. Qd2 Ba4 46. Qc3 Bd7 47. Kb2 Kg6 48. Qe1 Ba4 49. Qd1 Be8 50. a4 Qa5 51. Qc2 Kf7 52. Qc3 Qxc3+ 53. Kxc3 Ke7 1/2-1/2

[Event "HUN-chT2 Toth 0708"]
[Site "Hungary"]
[Date "2007.12.09"]
[Round "4"]
[White "Lovass, Imre"]
[Black "Brhlik, Gyorgy"]
[Result "1-0"]
[WhiteElo "2305"]
[BlackElo "2119"]
[PlyCount "62"]
[EventDate "2007.10.14"]
[EventType "team"]
[EventRounds "11"]
[EventCountry "HUN"]
[SourceTitle "EXT 2009"]
[Source "ChessBase"]
[SourceDate "2008.11.26"]
[SourceVersion "1"]
[SourceVersionDate "2008.11.26"]
[SourceQuality "1"]
[WhiteTeam "Takisz"]
[BlackTeam "Bekes"]
[WhiteTeamCountry "HUN"]
[BlackTeamCountry "HUN"]

1. d4 Nf6 2. c4 e6 3. Nc3 Bb4 4. a3 Bxc3+ 5. bxc3 c5 6. e3 d6 7. Bd3 e5 8. Ne2 Nc6 9. 0-0 0-0 10. d5 Na5 11. Ng3 Re8 12. e4 h6 13. h3 g5 14. h4 Nh7 15. hxg5 hxg5 16. Be2 b6 17. Bg4 Bxg4 18. Qxg4 Nb3 19. Rb1 Nxc1 20. Rbxc1 Qf6 21. Nf5 Qg6 22. g3 Nf6 23. Qe2 Rad8 24. Kg2 g4 25. Qe3 Nh7 26. Rh1 f6 27. Rh6 Qg5 28. Rch1 Rd7 29. Qxg5+ fxg5 30. Rg6+ Kh8 31. Rxd6 Red8 1-0

[Event "HUN-chT2 Toth 0708"]
[Site "Hungary"]
[Date "2007.10.14"]
[Round "1"]
[White "Lovass, Imre"]
[Black "Papp, Jozsef"]
[Result "0-1"]
[WhiteElo "2305"]
[BlackElo "2060"]
[PlyCount "62"]
[EventDate "2007.10.14"]
[EventType "team"]
[EventRounds "11"]
[EventCountry "HUN"]
[SourceTitle "EXT 2009"]
[Source "ChessBase"]
[SourceDate "2008.11.26"]
[SourceVersion "1"]
[SourceVersionDate "2008.11.26"]
[SourceQuality "1"]
[WhiteTeam "Takisz"]
[BlackTeam "Szentes"]
[WhiteTeamCountry "HUN"]
[BlackTeamCountry "HUN"]

1. d4 d5 2. c4 e6 3. Nc3 c5 4. cxd5 exd5 5. Nf3 Nc6 6. g3 Nf6 7. Bg2 Be6 8. 0-0 Be7 9. Bg5 cxd4 10. Nxd4 0-0 11. Nxe6 fxe6 12. Bh3 Qd7 13. e4 d4 14. Qb3 Kh8 15. Bxe6 Qd6 16. Nb5 Qe5 17. Bxf6 Rxf6 18. Bd5 Qh5 19. f4 Rh6 20. Rf2 Bc5 21. Qd3 Nb4 22. Qc4 Rc8 23. Nxd4 b5 24. Qc3 Nxd5 25. exd5 Qxd5 26. Rd1 Rd8 27. Rfd2 Rhd6 28. b4 Bb6 29. Kf2 Qe4 30. Qe3 Rxd4 31. Qxe4 Rxe4+ 0-1

[Event "HUN-chT2 Toth 0506"]
[Site "Hungary"]
[Date "2006.04.09"]
[Round "10"]
[White "Lovass, Imre"]
[Black "Balint, Vilmos"]
[Result "1-0"]
[WhiteElo "2282"]
[BlackElo "2218"]
[PlyCount "75"]
[EventDate "2005.10.16"]
[EventType "team"]
[EventRounds "11"]
[EventCountry "HUN"]
[SourceTitle "EXT 2009"]
[Source "ChessBase"]
[SourceDate "2008.11.26"]
[SourceVersion "1"]
[SourceVersionDate "2008.11.26"]
[SourceQuality "1"]
[WhiteTeam "Takisz"]
[BlackTeam "Vasarhelyi"]
[WhiteTeamCountry "HUN"]
[BlackTeamCountry "HUN"]

1. d4 c5 2. d5 e5 3. e4 g6 4. f4 exf4 5. Bxf4 Bg7 6. Nc3 Bxc3+ 7. bxc3 Qe7 8. Bd3 d6 9. Nf3 Nf6 10. 0-0 Nh5 11. Bh6 Nd7 12. g4 Nhf6 13. h3 Kd8 14. Qd2 Ne8 15. Ng5 Ne5 16. Bb5 Bd7 17. Rab1 Bxb5 18. Rxb5 Kc8 19. Qf2 f6 20. Ne6 a6 21. Rb6 g5 22. Qf5 Kb8 23. Rfb1 Ra7 24. Qf1 Nf7 25. Rxa6 Nxh6 26. Rxa7 Kxa7 27. Qb5 Ng7 28. Qb6+ Kb8 29. e5 Ne8 30. Nd8 Qc7 31. Nc6+ Kc8 32. Qa7 bxc6 33. Qa8+ Kd7 34. e6+ Ke7 35. Rb7 Rf8 36. Rxc7+ Nxc7 37. Qxc6 Rc8 38. Qd7+ 1-0

[Event "HUN-chT2 Toth 0506"]
[Site "Hungary"]
[Date "2006.01.22"]
[Round "6"]
[White "Lovass, Imre"]
[Black "Papista, Akos"]
[Result "1/2-1/2"]
[WhiteElo "2282"]
[BlackElo "2174"]
[PlyCount "57"]
[EventDate "2005.10.16"]
[EventType "team"]
[EventRounds "11"]
[EventCountry "HUN"]
[SourceTitle "EXT 2009"]
[Source "ChessBase"]
[SourceDate "2008.11.26"]
[SourceVersion "1"]
[SourceVersionDate "2008.11.26"]
[SourceQuality "1"]
[WhiteTeam "Takisz"]
[BlackTeam "Metroepszolg"]
[WhiteTeamCountry "HUN"]
[BlackTeamCountry "HUN"]

1. d4 Nf6 2. c4 e6 3. Nc3 Bb4 4. e3 b6 5. Nge2 Bb7 6. a3 Be7 7. d5 e5 8. Ng3 0-0 9. e4 d6 10. Be2 Nbd7 11. Be3 Kh8 12. b4 a5 13. 0-0 Rg8 14. Nf5 Bf8 15. g4 g6 16. Ng3 Ne8 17. Qd2 Ng7 18. Bh6 Be7 19. Kg2 Bc8 20. Rac1 Nf8 21. f4 exf4 22. Rxf4 f6 23. g5 fxg5 24. Rf7 Nd7 25. Rxe7 Qxe7 26. Bxg5 Qe5 27. Bf4 Qe7 28. Bg5 Qe5 29. Bf4 1/2-1/2

[Event "HUN-ch Seniors"]
[Site "Ajka"]
[Date "2005.03.27"]
[Round "6"]
[White "Lovass, Imre"]
[Black "Lengyel, Laszlo"]
[Result "1-0"]
[WhiteElo "2234"]
[BlackElo "2234"]
[PlyCount "55"]
[EventDate "2005.03.24"]
[EventType "swiss"]
[EventRounds "7"]
[EventCountry "HUN"]
[SourceTitle "EXT 2008"]
[Source "ChessBase"]
[SourceDate "2007.11.25"]
[SourceVersion "1"]
[SourceVersionDate "2007.11.25"]
[SourceQuality "1"]

1. d4 e6 2. c4 c5 3. d5 exd5 4. cxd5 d6 5. Nc3 a6 6. a4 g6 7. Nf3 Bg7 8. Bg5 Qc7 9. Nd2 Nd7 10. e4 b6 11. Be2 h6 12. Bf4 Ne5 13. Bg3 f5 14. 0-0 fxe4 15. Ndxe4 Ne7 16. f4 Nf7 17. Bh4 Nf5 18. Bf6 0-0 19. Qd3 Nd4 20. Qg3 Bf5 21. Rae1 Qd7 22. Qh4 Bxe4 23. Nxe4 Nf5 24. Qh3 Qxa4 25. Bd3 c4 26. Bb1 Rae8 27. Bxg7 Kxg7 28. Qc3+ 1-0

[Event "HUN-chT2 Toth 0405"]
[Site "Hungary"]
[Date "2004.11.21"]
[Round "3"]
[White "Lovass, Imre"]
[Black "Rajnai, Istvan"]
[Result "1-0"]
[WhiteElo "2234"]
[BlackElo "2065"]
[PlyCount "97"]
[EventDate "2004.09.26"]
[EventType "team"]
[EventRounds "11"]
[EventCountry "HUN"]
[SourceTitle "EXT 2009"]
[Source "ChessBase"]
[SourceDate "2008.11.26"]
[SourceVersion "1"]
[SourceVersionDate "2008.11.26"]
[SourceQuality "1"]
[WhiteTeam "Takisz"]
[BlackTeam "Bajai"]
[WhiteTeamCountry "HUN"]
[BlackTeamCountry "HUN"]

1. d4 Nf6 2. c4 e6 3. Nc3 Bb4 4. e3 c5 5. Nge2 cxd4 6. exd4 0-0 7. a3 Be7 8. d5 d6 9. Ng3 Na6 10. Be2 Nc7 11. b4 exd5 12. cxd5 b6 13. 0-0 Bb7 14. Bc4 Qd7 15. h3 Rac8 16. Qd3 Rfd8 17. Bb2 Nce8 18. Rac1 Qc7 19. Nb5 Qb8 20. Nd4 Bf8 21. Nc6 Bxc6 22. dxc6 d5 23. Ba6 Rc7 24. Nf5 g6 25. Qg3 Ne4 26. Qe5 N4f6 27. Rfe1 gxf5 28. Qg3+ Bg7 29. Be5 Ne4 30. Bxc7 Nxg3 31. Bxb8 Rxb8 32. fxg3 Nc7 33. Bd3 Kf8 34. Bxf5 h6 35. Rcd1 d4 36. Bd3 Re8 37. Kf2 Re7 38. Rxe7 Kxe7 39. g4 Kd6 40. b5 Be5 41. a4 f6 42. Bc4 Kc5 43. Rc1 Kb4 44. Ke2 Kxa4 45. Ra1+ Kb4 46. Kd3 a5 47. bxa6 b5 48. Rb1+ Kc5 49. Bxb5 1-0

[Event "HUN-chT2 Toth 0304"]
[Site "Hungary"]
[Date "2004.02.22"]
[Round "8"]
[White "Ortel, Endre"]
[Black "Lovass, Imre"]
[Result "1/2-1/2"]
[WhiteElo "2320"]
[BlackElo "2238"]
[PlyCount "38"]
[EventDate "2003.09.28"]
[EventType "team"]
[EventRounds "11"]
[EventCountry "HUN"]
[SourceTitle "EXT 2009"]
[Source "ChessBase"]
[SourceDate "2008.11.26"]
[SourceVersion "1"]
[SourceVersionDate "2008.11.26"]
[SourceQuality "1"]
[WhiteTeam "Bege"]
[BlackTeam "Takisz"]
[WhiteTeamCountry "HUN"]
[BlackTeamCountry "HUN"]

1. e4 e6 2. d4 d5 3. Nd2 Nf6 4. e5 Nfd7 5. Bd3 c5 6. c3 b6 7. f4 Ba6 8. Bxa6 Nxa6 9. Ndf3 Nc7 10. Ne2 f5 11. exf6 Nxf6 12. Ng3 Bd6 13. Ne5 0-0 14. 0-0 Bxe5 15. fxe5 Nd7 16. Qg4 Rxf1+ 17. Kxf1 Nf8 18. Be3 Qe8 19. Kg1 c4 1/2-1/2

[Event "HUN-chT2 Toth 0304"]
[Site "Hungary"]
[Date "2004.01.25"]
[Round "6"]
[White "Lovass, Imre"]
[Black "Samu, Gabor Jr"]
[Result "1-0"]
[WhiteElo "2238"]
[BlackElo "2047"]
[PlyCount "117"]
[EventDate "2003.09.28"]
[EventType "team"]
[EventRounds "11"]
[EventCountry "HUN"]
[SourceTitle "EXT 2009"]
[Source "ChessBase"]
[SourceDate "2008.11.26"]
[SourceVersion "1"]
[SourceVersionDate "2008.11.26"]
[SourceQuality "1"]
[WhiteTeam "Takisz"]
[BlackTeam "Bekes"]
[WhiteTeamCountry "HUN"]
[BlackTeamCountry "HUN"]

1. d4 d5 2. c4 c6 3. Nc3 Nf6 4. Nf3 a6 5. c5 Bf5 6. Qb3 Qc8 7. Nh4 Bg6 8. Bf4 Nbd7 9. e3 Nh5 10. g4 Nxf4 11. exf4 f6 12. Nxg6 hxg6 13. Bd3 Qc7 14. Bxg6+ Kd8 15. Ne2 Qa5+ 16. Qc3 Qxc3+ 17. bxc3 b6 18. cxb6 Nxb6 19. Rb1 Kc7 20. f5 Rh3 21. Nf4 Rxc3 22. Ne6+ Kb7 23. 0-0 Ka7 24. Rfe1 a5 25. Re2 Nc4 26. Nxf8 Rxf8 27. Rxe7+ Ka6 28. Rxg7 Nd2 29. Rb2 Nf3+ 30. Kg2 Nxd4 31. h4 Nf3 32. h5 Rh8 33. Rgb7 a4 34. Rb8 Rxb8 35. Rxb8 Nh4+ 36. Kf1 d4 37. Ke2 d3+ 38. Kd2 Ra3 39. Rd8 Nf3+ 40. Kd1 c5 41. h6 c4 42. Bf7 Ne5 43. Bxc4+ Nxc4 44. h7 Rxa2 45. Rxd3 Nb2+ 46. Ke2 Nxd3+ 47. Ke3 Rb2 48. h8Q Rb3 49. Qxf6+ Kb5 50. g5 a3 51. g6 Nb2+ 52. Ke2 a2 53. Qe5+ Ka4 54. Qc5 Rb7 55. Qc6+ Rb5 56. Qc1 Re5+ 57. Kf1 Kb3 58. g7 Re8 59. f6 1-0

[Event "HUN-chT2 Toth 0304"]
[Site "Hungary"]
[Date "2003.11.16"]
[Round "3"]
[White "Kakuk, Sandor"]
[Black "Lovass, Imre"]
[Result "1-0"]
[WhiteElo "2208"]
[BlackElo "2238"]
[PlyCount "48"]
[EventDate "2003.09.28"]
[EventType "team"]
[EventRounds "11"]
[EventCountry "HUN"]
[SourceTitle "EXT 2009"]
[Source "ChessBase"]
[SourceDate "2008.11.26"]
[SourceVersion "1"]
[SourceVersionDate "2008.11.26"]
[SourceQuality "1"]
[WhiteTeam "Oroshaza"]
[BlackTeam "Takisz"]
[WhiteTeamCountry "HUN"]
[BlackTeamCountry "HUN"]

1. e4 e6 2. d4 d5 3. Nc3 Bb4 4. Bd2 dxe4 5. Qg4 Qxd4 6. 0-0-0 h5 7. Qf4 Bd6 8. Qh4 Nf6 9. Nf3 Qb6 10. Nxe4 Nxe4 11. Qxe4 Nd7 12. Bc4 Nf6 13. Qh4 Bd7 14. Bg5 Ng4 15. Nd4 Be5 16. c3 Bf6 17. Bxf6 Nxf6 18. Qg5 0-0-0 19. Qxg7 Ng4 20. Rhe1 Qc5 21. Bb3 Nxf2 22. Rd2 Ng4 23. Qxf7 Qg5 24. Bxe6 c5 1-0

[Event "HUN-chT2 Toth 0203"]
[Site "Hungary"]
[Date "2003.04.06"]
[Round "10"]
[White "Lovass, Imre"]
[Black "Hajdu, Istvan"]
[Result "1/2-1/2"]
[WhiteElo "2228"]
[BlackElo "2186"]
[PlyCount "28"]
[EventDate "2002.09.22"]
[EventType "team"]
[EventRounds "11"]
[EventCountry "HUN"]
[SourceTitle "EXT 2009"]
[Source "ChessBase"]
[SourceDate "2008.11.26"]
[SourceVersion "1"]
[SourceVersionDate "2008.11.26"]
[SourceQuality "1"]

1. d4 f5 2. g3 Nf6 3. Bg2 g6 4. Nf3 Bg7 5. 0-0 0-0 6. c4 d6 7. Nc3 Nc6 8. d5 Ne5 9. Nxe5 dxe5 10. e4 f4 11. f3 g5 12. g4 e6 13. Qe2 Qe7 14. Rd1 Rd8 1/2-1/2

[Event "HUN-chT2 Toth 0203"]
[Site "Hungary"]
[Date "2003.01.19"]
[Round "5"]
[White "Lovass, Imre"]
[Black "Ortel, Endre"]
[Result "1/2-1/2"]
[WhiteElo "2228"]
[BlackElo "2315"]
[PlyCount "35"]
[EventDate "2002.09.22"]
[EventType "team"]
[EventRounds "11"]
[EventCountry "HUN"]
[SourceTitle "EXT 2009"]
[Source "ChessBase"]
[SourceDate "2008.11.26"]
[SourceVersion "1"]
[SourceVersionDate "2008.11.26"]
[SourceQuality "1"]

1. d4 Nf6 2. c4 e6 3. Nc3 Bb4 4. e3 0-0 5. Nge2 d5 6. a3 Be7 7. Nf4 b6 8. cxd5 exd5 9. Be2 c6 10. 0-0 Bd6 11. Bf3 Qc7 12. h3 Re8 13. Qc2 Ba6 14. Rd1 Nbd7 15. Bd2 Nf8 16. Rac1 Rac8 17. Qb1 Qb8 18. g3 1/2-1/2

[Event "HUN-chT2 Toth 0203"]
[Site "Hungary"]
[Date "2002.12.08"]
[Round "4"]
[White "Lovass, Imre"]
[Black "Marosi, Csaba"]
[Result "1-0"]
[WhiteElo "2228"]
[BlackElo "2208"]
[PlyCount "61"]
[EventDate "2002.09.22"]
[EventType "team"]
[EventRounds "11"]
[EventCountry "HUN"]
[SourceTitle "EXT 2009"]
[Source "ChessBase"]
[SourceDate "2008.11.26"]
[SourceVersion "1"]
[SourceVersionDate "2008.11.26"]
[SourceQuality "1"]

1. d4 Nf6 2. c4 e6 3. Nc3 Bb4 4. e3 c5 5. Nge2 b6 6. a3 Bxc3+ 7. Nxc3 Bb7 8. d5 exd5 9. cxd5 0-0 10. Be2 d6 11. 0-0 Re8 12. f3 a6 13. a4 Nbd7 14. e4 Qc7 15. Bc4 Ne5 16. b3 h6 17. Qc2 Bc8 18. f4 Ng6 19. Bb2 Bd7 20. e5 dxe5 21. d6 Qxd6 22. Rad1 Qe7 23. Qxg6 b5 24. Bxf7+ Qxf7 25. Qxf7+ Kxf7 26. fxe5 Bg4 27. Rde1 Be6 28. Ne4 Bxb3 29. exf6 Kg6 30. fxg7 Bc4 31. Nd6 1-0

[Event "HUN-chT3 0102"]
[Site "Hungary"]
[Date "2002.04.21"]
[Round "11"]
[White "Lovass, Imre"]
[Black "Kovacs, Adrian"]
[Result "0-1"]
[WhiteElo "2228"]
[BlackElo "2181"]
[PlyCount "74"]
[EventDate "2001.09.30"]
[EventType "team"]
[EventRounds "11"]
[EventCountry "HUN"]
[SourceTitle "EXT 2004"]
[Source "ChessBase"]
[SourceDate "2003.11.25"]
[SourceVersion "1"]
[SourceVersionDate "2003.11.25"]
[SourceQuality "1"]

1. d4 Nf6 2. c4 c5 3. d5 b5 4. Nf3 g6 5. Qc2 d6 6. e4 Bg7 7. cxb5 a6 8. Na3 0-0 9. Bd2 Nxe4 10. Qxe4 Bxb2 11. Rb1 Bxa3 12. Qa4 Bb4 13. Bxb4 cxb4 14. Rxb4 Nd7 15. b6 Nxb6 16. Qb3 Nd7 17. Be2 a5 18. Rd4 Rb8 19. Qc2 Qb6 20. 0-0 Nf6 21. Qd2 Bg4 22. Qe3 Rfc8 23. Rfd1 Rb7 24. h3 Bxf3 25. Bxf3 Rc2 26. a3 Qb2 27. h4 h5 28. R4d3 Kg7 29. g3 Qa2 30. R1d2 Rb1+ 31. Kg2 Rxd2 32. Rxd2 Qa1 33. Be2 Rg1+ 34. Kh2 Rh1+ 35. Kg2 Qg1+ 36. Kf3 Rh2 37. Bc4 Rxh4 0-1

[Event "HUN-chT3 0102"]
[Site "Hungary"]
[Date "2002.04.07"]
[Round "10"]
[White "Apro, Adrian"]
[Black "Lovass, Imre"]
[Result "0-1"]
[WhiteElo "2148"]
[BlackElo "2228"]
[PlyCount "83"]
[EventDate "2001.09.30"]
[EventType "team"]
[EventRounds "11"]
[EventCountry "HUN"]
[SourceTitle "EXT 2004"]
[Source "ChessBase"]
[SourceDate "2003.11.25"]
[SourceVersion "1"]
[SourceVersionDate "2003.11.25"]
[SourceQuality "1"]

1. c4 e5 2. Nc3 Nc6 3. Nf3 f5 4. d4 e4 5. Ng5 Nf6 6. g3 Bb4 7. Bg2 d5 8. c5 b6 9. cxb6 axb6 10. Qd2 h6 11. Nh3 g5 12. a3 Kf7 13. Rb1 Bxc3 14. Qxc3 Qd7 15. Bd2 Ra4 16. b4 Nd8 17. Bf1 Ba6 18. Ng1 Ne6 19. f3 Ra8 20. h4 Bc4 21. Bc1 Qd6 22. Kf2 f4 23. gxf4 gxf4 24. Bh3 e3+ 25. Ke1 Ng7 26. Bg4 Ngh5 27. Bxh5+ Nxh5 28. Qc2 Qf6 29. Qh7+ Ng7 30. Bb2 Rg8 31. Rh2 Raa8 32. h5 Ke6 33. Rg2 Qh4+ 34. Kf1 Nf5 35. Rg6+ Rxg6 36. Qxg6+ Ke7 37. Qh7+ Kd8 38. Qg8+ Kd7 39. Qf7+ Kc6 40. Qg6+ Kb7 41. Kg2 Ne7 42. Qf7 0-1